|
|
|
|
| LEADER |
00000nam1a2200000 4500 |
| 001 |
235868 |
| 005 |
20231031204429.0 |
| 010 |
|
|
|a 9785438700951
|
| 035 |
|
|
|a (RuTPU)RU\TPU\book\257010
|
| 035 |
|
|
|a RU\TPU\book\251515
|
| 090 |
|
|
|a 235868
|
| 100 |
|
|
|a 20130417d2011 k y0rusy50 ca
|
| 101 |
0 |
|
|a rus
|
| 102 |
|
|
|a RU
|
| 200 |
1 |
|
|a Межкультурная коммуникация: теория и практика
|e сборник научных трудов XI Международной научно-практической конференции "Лингвистические и культурологические традиции и инновации", 10-12 ноября 2011 г., Томск
|f Национальный исследовательский Томский политехнический университет (ТПУ) ; Лингвистические и культурологические традиции и инновации, международная научно-практическая конференция ; под ред. Н. А. Качалова
|
| 210 |
|
|
|a Томск
|c Изд-во ТПУ
|d 2011
|
| 702 |
|
1 |
|a Качалов
|b Н. А.
|c доцент, заведующий кафедрой
|c кафедра иностранных языков в области техники и технологий Томского политехнического университета
|g Николай Александрович
|2 stltpush
|3 (RuTPU)RU\TPU\pers\24746
|4 340
|
| 712 |
0 |
2 |
|a Национальный исследовательский Томский политехнический университет (ТПУ)
|c (2009- )
|2 stltpush
|3 (RuTPU)RU\TPU\col\15902
|
| 712 |
1 |
2 |
|a Лингвистические и культурологические традиции и инновации
|b международная научно-практическая конференция
|e Томск
|f 2011
|
| 801 |
|
1 |
|a RU
|b 63413507
|c 20130123
|
| 801 |
|
2 |
|a RU
|b 63413507
|c 20130419
|g RCR
|
| 942 |
|
|
|c BK
|